Toán rời rạc

Saved in:
Bibliographic Details
Main Author: Phạm, Thế Long
Other Authors: Nguyễn, Thiện Luận
Format: Book
Language:Undetermined
Published: H. ĐHSP [KXĐ]
Subjects:
Online Access:http://lrc.tdmu.edu.vn/opac/search/detail.asp?aID=2&ID=5748
Tags: Add Tag
No Tags, Be the first to tag this record!
Institutions: Trung tâm Học liệu Trường Đại học Thủ Dầu Một
LEADER 00606nam a2200205Ia 4500
001 TDMU_5748
008 210410s9999 xx 000 0 und d
082 |a 004.01 
090 |b PH104 
100 |a Phạm, Thế Long 
245 0 |a Toán rời rạc 
245 0 |c Phạm Thế Long 
260 |a H. 
260 |b ĐHSP 
260 |c [KXĐ] 
300 |a 276tr. 
650 |a Toán rời rạc; Toán tin 
700 |a Nguyễn, Thiện Luận 
856 |u http://lrc.tdmu.edu.vn/opac/search/detail.asp?aID=2&ID=5748 
980 |a Trung tâm Học liệu Trường Đại học Thủ Dầu Một